000 00427 a2200157 4500
005 20250614081635.0
020 _a978-0-07-337363-8
082 _a519.5DOA
100 _aDOANE,D.P.
245 _aEssential Statistics in Business & Economics
250 _aStudent Ed.
260 _aNewYork,
_bMcGraw-Hill/Irwin,
_c2008.
300 _axvi,604p.:ill.;figures,tables
_bIndex
_c28.5cm
700 _aSEWARD, Lori E.
942 _2ddc
_cBKS
999 _c4051
_d4051